Fizička kuľtura i sport. Physical culture and sport : Novi Sad, 4.-5. 12.1998
Uložené v:
| Médium: | Kniha |
|---|---|
| Vydavateľské údaje: |
1998
|
| Tagy: |
Žiadne tagy, Buďte prvý, kto otaguje tento záznam!
|
MARC
| LEADER | 00000nam a22000003a 4500 | ||
|---|---|---|---|
| 001 | stu140749 | ||
| 005 | 20141122175725.3 | ||
| 008 | 070502s1998----------------------------d | ||
| 040 | |a STU |b slo | ||
| 041 | 0 | ||
| 245 | |a Fizička kuľtura i sport. Physical culture and sport : |b Novi Sad, 4.-5. 12.1998 | ||
| 260 | |c 1998 | ||
| 996 | |b 284M056002 |c M*Z-1412 |l MMKN |s A |a 24 |w stu140749_0001 | ||